00338nam a2200109Ia 4500008004000000082001600040100002100056245007300077260004300150300001200193650002300205210210b2000 xxu||||| |||| 00| 0 eng d a158.1K SUKM aSUKHABODHANANDA. aManasse rilyaks plise! nemmadiya galikege halavu diksuchi sutragalu. aBengalurubRashtrotthana Sahityac2000 axii,172 aChiramjivi Nemmadi